banner-ar

اطلس العالم للاطفال و الناشئين : (Record no. 60066)

MARC details
000 -الفاتح
حقل البيانات ثابتة الطول 00917nam a22002417a 4500
005 - وقت وتاريخ اخر تعامل مع التسجيلة
رقم الضبط 20240530110351.0
008 - عناصر البيانات ثابتة الطول - معلومات عامة
حقل البيانات ثابتة الطول 141222s2005 ua obd f e 000 0 ara d
017 ## - رقم الايداع القانونى
رقم الايداع القانونى 2005/10709
المصدر ( الهيئة المختصة) مصر . دار الكتب المصرية
020 ## - الرقم الدولى المعيارى للكتب
الرقم الدولى المعيارى للكتاب 9772773996
040 ## - مصدر الفهرسة
وكالة الفهرسة الأصلية EG-CaGPL
041 0# - رمز اللغة
رمز لغة النص/ المسارات الصوتية أو العنوان الانفرادي ara
082 04 - رقم تصنيف ديوى العشرى
رقم الطبعة 21
رقم التصنيف 912
رقم المادة ط/م أ
100 0# - المدخل الرئيسى - إسم شخصى
الإسم الشخصى محمد عبدالعزيز
245 10 - بيان العنوان
العنوان اطلس العالم للاطفال و الناشئين :
بقية العنوان خرائط - صور فوتوجرافية - اعلام - حقائق و احصائيات /
بيان المسئوليه,etc محمد عبدالعزيز
260 ## - PUBLICATION, DISTRIBUTION, ETC. (IMPRINT)
تاريخ النشر أو التوزيع 2005
300 ## - الوصف المادى
التعداد 144 ص :
تفاصيل ماديه اخرى للوعاء ايض ؛
أبعاد الوعاء 32 سم
650 04 - المدخل الاضافى بالموضوع-مصطلح موضوعى
مصطلح موضوعي الاطالس
650 04 - المدخل الاضافى بالموضوع-مصطلح موضوعى
مصطلح موضوعي رسم الخرائط
650 04 - المدخل الاضافى بالموضوع-مصطلح موضوعى
مصطلح موضوعي الجغرافيا
650 04 - المدخل الاضافى بالموضوع-مصطلح موضوعى
مصطلح موضوعي الصور
942 ## - عناصر المدخل الإضافي( كوها)
مصدر التصنيف او مخطط الترفيف Dewey Decimal Classification
Koha [default] item type كتاب
260 ## - PUBLICATION, DISTRIBUTION, ETC. (IMPRINT)
-- القاهرة :
-- دار الطلائع للنشر و التوزيع و التصدير ،
Holdings
حالة التراجع حالة الفقد حالة تلف ليس للاعارة المكان المؤقت الموقع الحالى تاريخ الاكتساب اجمالي اﻻعارات رقم الطلب الباركود تاريخ اخر مشاهدة تاريخ تفعيل السعر نوع وعاء كوها
        مكتبة القاهرة الكبرى مكتبة القاهرة الكبرى 12/22/2014   912 ط/م أ 159054 12/22/2014 12/22/2014 كتاب

Powered By

EGPV